000 00679cam a2200217 4500
001 BMVZ000398
008 s2000mx a spa
020 _a968-24-3787-3
035 _aBMVZ000398
245 0 0 _aBovinos de carne /
_cBasado en el trabajo de Johan H. Koeslag, F. Orozco Luna.
250 _a2a ed.
260 _aMéxico :
_bTrillas :
_bSEP,
_c1990
300 _a101 p. :
_bil. ;
_c23 cm.
440 0 _aManual para educación agropecuaria ;
_pÁrea : Producción animal ;
_vNo. 6
506 _aFomes 2001
650 4 _aCría de ganado.
650 4 _aGanado de carne.
700 1 _aKoeslag, Johan H.,ed.
700 1 _aOrozco Luna, F.; ed.
942 _2lcc
_cLIB
999 _c140717
_d140715